01602nab a22002897a 4500003000400000005001700004008004100021040001100062100002300073245011600096260007300212300001500285500015400300505037700454505008900831650003400920650001800954650002800972650002701000650002501027650002201052650002301074650002601097650002901123650001501152773014501167OSt20250225132717.0190603e xxum|||| |||| 00| 0 spa d cPJ-TDF aScotti, Luciana B.13aLas nuevas fronteras de la autonomía de la voluntad en el derecho internacional privado /cLuciana B. Scotti. cCiudad Autónoma de Buenos Aires :aThomson Reuters La Ley, b2024. ap. 227-241 aCita: TR LALEY AR/DOC/1974/2024. Publicado en: R.C.C. y C. 2024 (Septiembre-Octubre). EDICIÓN ESPECIAL: XXIX Jornadas Nacionales de Derecho Civil. aSumario: I. Introducción.— II. Concepto y fundamentos.— III. Alcance y límites.— IV. Ámbitos de consagración de la autonomía de la voluntad.— V. Ámbitos más resistentes a la autonomía de la voluntad.— VI. La autonomía de la voluntad indirecta y el método de reconocimiento.— VII. A modo de colofón.— VIII. Bibliografía complementaria. t¿Te interesa el texto completo? Solicitalo al correo: koha@justierradelfuego.gov.ar 0aDERECHO INTERNACIONAL PRIVADO 0aORDEN PUBLICO 0aARBITRAJE INTERNACIONAL 0aUNIONES CONVIVENCIALES 0aCONTRATOS DE CONSUMO 0aDERECHO COMPARADO 0aDERECHO DE FAMILIA 0aRESPONSABILIDAD CIVIL 0aCODIGO CIVIL Y COMERCIAL 0aSUCESIONES0 02713dCiudad Autónoma de Buenos Aires : Thomson Reuters La Ley, 2015-tRevista Código Civil y Comercial. Nº 5 - Septiembre-Octubre 2024